Sefer Sheʼelot u-teshuvot Avne zikaron ... (Record no. 32799)

MARC details
000 -LEADER
fixed length control field 00824cam a22002651 4500
001 - CONTROL NUMBER
control field he 67002435
003 - CONTROL NUMBER IDENTIFIER
control field DLC
005 - DATE AND TIME OF LATEST TRANSACTION
control field 20260227111452.0
008 - FIXED-LENGTH DATA ELEMENTS--GENERAL INFORMATION
fixed length control field 890419s1923 nyu 001 0 hebr
010 ## - LIBRARY OF CONGRESS CONTROL NUMBER
LC control number he 67002435
035 ## - SYSTEM CONTROL NUMBER
System control number (OCoLC)22324653
040 ## - CATALOGING SOURCE
Original cataloging agency DLC
Transcribing agency NjP
Modifying agency DLC
042 ## - AUTHENTICATION CODE
Authentication code premarc
050 00 - LIBRARY OF CONGRESS CALL NUMBER
Classification number BM522.76
Item number .F35
100 1# - MAIN ENTRY--PERSONAL NAME
Personal name Pfeffer, A. S.
240 10 - UNIFORM TITLE
Uniform title Sheʼelot u-teshuvot Avne zikaron
245 10 - TITLE STATEMENT
Title Sefer Sheʼelot u-teshuvot Avne zikaron ...
Statement of responsibility, etc. [me-et] Alṭer Shaʼul Pfeffer.
260 ## - PUBLICATION, DISTRIBUTION, ETC.
Place of publication, distribution, etc. [Nu-Yorḳ] ;
Name of publisher, distributor, etc. Maramarashsigeṭ,
-- Bi-defus Ḳoifman u-veno,
Date of publication, distribution, etc. 1923.
300 ## - PHYSICAL DESCRIPTION
Extent 2 v.
Dimensions 34 cm.
500 ## - GENERAL NOTE
General note Vol. 2 printed by M.L. Hirsh, Saṭu-Mare.
500 ## - GENERAL NOTE
General note Includes indexes.
650 #0 - SUBJECT ADDED ENTRY--TOPICAL TERM
Topical term or geographic name entry element Responsa
Chronological subdivision 1800-1948.
740 0# - ADDED ENTRY--UNCONTROLLED RELATED/ANALYTICAL TITLE
Uncontrolled related/analytical title Sheʼelot u-teshuvot Avne zikaron.
740 0# - ADDED ENTRY--UNCONTROLLED RELATED/ANALYTICAL TITLE
Uncontrolled related/analytical title Avne zikaron.

No items available.

Powered by Koha